[Event "Mittelfranken-chTB2b 1516"]
[Site "Mittelfranken"]
[Date "2015.10.18"]
[Round "1.8"]
[White "Spiegelhauer, Tilmann"]
[Black "Niebler, Andreas"]
[Result "1-0"]
[WhiteElo "1702"]
[BlackElo "1780"]
[PlyCount "111"]
[EventDate "2015.10.18"]
[EventType "team-tourn"]
[EventRounds "9"]
[EventCountry "GER"]
[SourceTitle "EXT 2020"]
[Source "ChessBase"]
[SourceDate "2019.10.17"]
[SourceVersion "1"]
[SourceVersionDate "2019.10.17"]
[SourceQuality "1"]
[WhiteTeam "Uttenreuth"]
[BlackTeam "Neumarkt"]
[WhiteTeamCountry "GER"]
[BlackTeamCountry "GER"]

1. d4 g6 2. c4 Bg7 3. Nc3 d6 4. e4 c6 5. Be3 Nd7 6. Qd2 Qc7 7. f4 Ngf6 8. Nf3 c5 9. d5 a6 10. Bd3 0-0 11. h3 Re8 12. 0-0 e6 13. Rae1 exd5 14. exd5 Nf8 15. Qc2 Bd7 16. Ng5 Re7 17. Bd2 Rae8 18. f5 b5 19. fxg6 hxg6 20. Rxe7 Rxe7 21. Kh1 bxc4 22. Bxc4 Nh5 23. Rf3 Be5 24. Nce4 Qc8 25. Bc3 Bf5 26. Bxe5 Rxe5 27. Bd3 Qd7 28. Nc3 Re1+ 29. Kh2 Qe7 30. Bxf5 Qe5+ 31. g3 gxf5 32. Qxf5 Qxf5 33. Rxf5 Ng7 34. Rxf7 Rc1 35. Rf2 Ra1 36. a3 Re1 37. Kg2 Re5 38. Nf3 Re7 39. Nd2 Rb7 40. Nc4 Rd7 41. Rd2 Ng6 42. Rf2 Ne8 43. h4 Re7 44. Re2 Rxe2+ 45. Nxe2 Kf7 46. Nc3 Kf6 47. Ne4+ Ke7 48. h5 Nh8 49. Kf3 Nf7 50. Kf4 Nc7 51. Nc3 Kf6 52. g4 Nb5 53. Ne4+ Ke7 54. g5 Nc7 55. Nc3 Nb5 56. g6 1-0

[Event "Mittelfranken-chTB2b 1314"]
[Site "Mittelfranken"]
[Date "2013.10.20"]
[Round "1.1"]
[White "Moesl, Sebastian"]
[Black "Spiegelhauer, Tilmann"]
[Result "0-1"]
[WhiteElo "1806"]
[BlackElo "1702"]
[PlyCount "84"]
[EventDate "2013.10.20"]
[EventType "team-tourn"]
[EventRounds "9"]
[EventCountry "GER"]
[SourceTitle "EXT 2020"]
[Source "ChessBase"]
[SourceDate "2019.10.17"]
[SourceVersion "1"]
[SourceVersionDate "2019.10.17"]
[SourceQuality "1"]
[WhiteTeam "Neumarkt"]
[BlackTeam "Uttenreuth"]
[WhiteTeamCountry "GER"]
[BlackTeamCountry "GER"]

1. e4 e6 2. Nf3 d5 3. Nc3 dxe4 4. Nxe4 Nf6 5. Ng3 c5 6. d4 Nc6 7. c3 cxd4 8. Nxd4 Nxd4 9. Qxd4 Qxd4 10. cxd4 Bd7 11. Bd2 Bc6 12. f3 Rd8 13. Bc3 Nd5 14. Rd1 Bb4 15. Rc1 Nxc3 16. bxc3 Ba5 17. Kf2 e5 18. dxe5 Rd2+ 19. Ne2 Rxa2 20. Kg3 Bc7 21. f4 g5 22. fxg5 Bxe5+ 23. Kf2 Bf4 24. Rd1 Bxg5 25. h4 Be7 26. Rh3 Bc5+ 27. Ke1 Ba4 28. Rb1 b6 29. Nd4 0-0 30. Re3 Re8 31. Rxe8+ Bxe8 32. Be2 Bd7 33. Rd1 Bxd4 34. Rxd4 Be6 35. h5 Kg7 36. g4 Ra5 37. Kf2 Rc5 38. c4 a5 39. Kg3 a4 40. Kf4 h6 41. Bd1 a3 42. Bb3 b5 0-1

[Event "Arctic Chess Challenge"]
[Site "Tromsoe"]
[Date "2010.08.05"]
[Round "6"]
[White "Spiegelhauer, Tilmann"]
[Black "Svensen, Tarjei Joten"]
[Result "0-1"]
[WhiteElo "1879"]
[BlackElo "2129"]
[PlyCount "91"]
[EventDate "2010.07.31"]
[EventType "swiss"]
[EventRounds "9"]
[EventCountry "NOR"]
[SourceTitle "CBM 137 Extra"]
[Source "ChessBase"]
[SourceDate "2010.09.01"]
[SourceVersion "1"]
[SourceVersionDate "2010.09.01"]
[SourceQuality "1"]

1. d4 d5 2. c4 e6 3. Nc3 Nf6 4. Bg5 Nbd7 5. e3 c6 6. Nf3 Qa5 7. Nd2 Bb4 8. Qc2 0-0 9. Be2 e5 10. Nb3 Bxc3+ 11. Qxc3 Qxc3+ 12. bxc3 Ne4 13. Be7 Re8 14. Bb4 dxc4 15. Bxc4 Nb6 16. Bd3 exd4 17. cxd4 Nd5 18. Ba3 b6 19. 0-0 f5 20. Bc1 Be6 21. Bxe4 fxe4 22. Bd2 a5 23. Rab1 a4 24. Nc1 b5 25. a3 Nb6 26. Bb4 Bc4 27. Rd1 Nd5 28. Rd2 Rad8 29. Rbb2 Nxb4 30. Rxb4 c5 31. Rbb2 cxd4 32. Rxd4 Rxd4 33. exd4 Rd8 34. Rd2 Bd3 35. f3 Bb1 36. fxe4 Bxe4 37. Na2 Rc8 38. d5 Kf7 39. d6 Rc2 40. Rxc2 Bxc2 41. Nc3 Bd3 42. Kf2 Ke6 43. Ke3 Bf1 44. Kf2 Bc4 45. Ne4 Bd5 46. Nc3 0-1

[Event "Nuremberg-ch op 06th"]
[Site "Nuremberg"]
[Date "2006.06.03"]
[Round "3.28"]
[White "Spiegelhauer, Tilmann"]
[Black "Luther, Helmut"]
[Result "1/2-1/2"]
[WhiteElo "1630"]
[BlackElo "1899"]
[PlyCount "95"]
[EventDate "2006.06.02"]
[EventType "swiss"]
[EventRounds "5"]
[EventCountry "GER"]
[SourceTitle "EXT 2007"]
[Source "ChessBase"]
[SourceDate "2006.11.23"]
[SourceVersion "1"]
[SourceVersionDate "2006.11.23"]
[SourceQuality "1"]

1. d4 Nf6 2. c4 g6 3. Nc3 Bg7 4. e4 d6 5. f3 0-0 6. Be3 Nbd7 7. Qd2 e5 8. Nge2 a6 9. 0-0-0 b5 10. c5 Qe7 11. dxe5 dxe5 12. Nd5 Nxd5 13. Qxd5 Rb8 14. c6 Nf6 15. Qc5 Qxc5+ 16. Bxc5 Re8 17. Nc3 Be6 18. b3 Bf8 19. Bf2 Bd6 20. g4 Kg7 21. Nd5 Bxd5 22. exd5 Ba3+ 23. Kc2 Rbd8 24. Bh4 Rd6 25. Bxf6+ Kxf6 26. Bg2 Red8 27. f4 exf4 28. h4 Bc5 29. g5+ Kg7 30. Rhe1 Be3 31. Rd3 Rh8 32. Rdxe3 fxe3 33. Rxe3 Kf8 34. Kc3 h6 35. Kb4 hxg5 36. hxg5 Rh2 37. Rg3 f6 38. Ka5 Ke7 39. Kxa6 b4 40. Kb7 Kd8 41. Ka6 Rh5 42. gxf6 Rxf6 43. Rg4 Rh2 44. Kb5 Rf2 45. Be4 Re2 46. Bxg6 Rhg2 47. Rxg2 Rxg2 48. Bf7 1/2-1/2